书目信息 |
| 题名: |
沙皇俄国侵略扩张简史
|
|
| 作者: | ;北京军区炮兵部队理论组 , 北京大学历史系世界史专业工农兵学员 编 | |
| 分册: | ||
| 出版信息: | 北京 北京人民出版社 1976 |
|
| 页数: | 189页 | |
| 开本: | 19cm | |
| 丛书名: | ||
| 单 册: | ||
| 中图分类: | D851.29 , K512.32 | |
| 科图分类: | ||
| 主题词: | 侵略扩张--历史--俄国 , 东欧--历史 , 中欧--历史 | |
| 电子资源: | ||
| ISBN: | ||
| 000 | 00940nam0 2200277 45 | |
| 001 | 0176002984 | |
| 005 | 20061115152635.50 | |
| 010 | @dCNY0.62 | |
| 100 | @a19950717d1976 em y0chiy0121 ea | |
| 101 | 0 | @achi |
| 102 | @aCN@b110000 | |
| 105 | @ay z 000yy | |
| 106 | @ar | |
| 200 | 10 | @a沙皇俄国侵略扩张简史@Asha huang e guo qin lue kuo zhang jian shi@f北京大学历史系世界史专业工农兵学员,北京军区炮兵部队理论组编 |
| 210 | @a北京@c北京人民出版社@d1976 | |
| 215 | @a189页@d19cm | |
| 606 | @a侵略扩张@x历史@y俄国 | |
| 606 | 0 | @a东欧@x历史 |
| 606 | 0 | @a中欧@x历史 |
| 690 | @aD851.29@v3 | |
| 690 | @aK512.32@v3 | |
| 711 | 02 | @a北京军区炮兵部队理论组@Abei jing jun qu pao bing bu dui li lun zu@4编 |
| 711 | 02 | @a北京大学历史系世界史专业工农兵学员@Abei jing da xue li shi xi shi jie shi zhuan ye gong nong bing xue yuan@4编 |
| 801 | 0 | @aCN@b广东省中山图书馆@c20061115 |
| 801 | 2 | @aCN@bNLC@c20040331 |
| 905 | @dK512.32@e9@f1@b1145 | |
| 沙皇俄国侵略扩张简史/北京大学历史系世界史专业工农兵学员,北京军区炮兵部队理论组编.-北京:北京人民出版社,1976 |
| 189页;19cm |
| ISBN :CNY0.62 |
| ● |
| 相关链接 |
|
|
|
|
正题名:沙皇俄国侵略扩张简史
索取号:K512.32/9
 
预约/预借
| 序号 | 登录号 | 条形码 | 馆藏地/架位号 | 状态 | 备注 |
| 1 | 0001145 | 001394707 | 第二借阅区/ [索取号:K512.32/9] | 在馆 | |
| 2 | 0001146 | 001925910 | 密集书库/ [索取号:K512.32/9] | 在馆 | |
| 3 | 0014468 | 001394743 | 第二样本阅览室/ [索取号:K512.32/9] | 在馆 |